quiz of the Country of USA - Statistics

General Stats
  • This quiz has been taken 42 times
  • The average score is 15 of 16
Answer Stats
Picture Hint Answer % Correct
sweet home______ Alabama
100%
Phoenix Arizona
100%
los Angeles California
100%
Honolulu Hawaii
100%
Houston Texas
100%
Anchorage Alaska
97%
New York City New York
97%
Seattle Washington
97%
Denver Colorado
95%
Atlanta Georgia
95%
Virginia Beach Virginia
92%
Baltimore Maryland
87%
Columbus Ohio
87%
Providence Rhode Island
82%
Kansas Missouri
76%
Billings Montana
74%
No matching quizzes found
Score Distribution
Percent of People with Each Score
Percentile by Number Answered
Your Score History
You have not taken this quiz